[Event "IMSA Blitz 2016"]
[Site "Huai'an CHN"]
[Date "2016.02.29"]
[Round "13.2"]
[White "Tomashevsky,E"]
[Black "Mamedyarov,S"]
[Result "1-0"]
[WhiteElo "2728"]
[BlackElo "2747"]

1.e4 Nf6 2.e5 Nd5 3.d4 d6 4.Nf3 dxe5 5.Nxe5 c6 6.Be2 Nd7 7.Nf3 g6 8.c4 Nc7
9.O-O Bg7 10.Nc3 O-O 11.Bf4 Ne6 12.Be3 b6 13.Re1 Bb7 14.Bf1 Re8 15.Qd2 Nf6
16.h3 Qc7 17.Rad1 Rad8 18.Qc1 h5 19.g3 b5 20.b3 b4 21.Na4 Kh7 22.Bg2 Ng8
23.Ne5 Bxe5 24.dxe5 c5 25.Bxb7 Qxb7 26.Nxc5 Nxc5 27.Bxc5 Nh6 28.Qf4 Kg7 29.Be3 Nf5
30.Bc1 a5 31.Bb2 Kg8 32.Kh2 e6 33.Rd6 Rd7 34.Red1 Red8 35.c5 Qa7 36.g4 hxg4
37.hxg4 Nxd6 38.exd6 f5 39.Qe5 Rh7+ 40.Kg3 Qf7 41.c6 fxg4 42.Qf6 Qxf6 43.Bxf6  1-0

[Event "IMSA Blitz 2016"]
[Site "Huai'an CHN"]
[Date "2016.02.29"]
[Round "14.7"]
[White "Mamedyarov,S"]
[Black "Wang Yue"]
[Result "1-0"]
[WhiteElo "2747"]
[BlackElo "2718"]

1.d4 Nf6 2.c4 e6 3.Nc3 d5 4.Nf3 c5 5.cxd5 cxd4 6.Qa4+ Bd7 7.Qxd4 exd5 8.Nxd5 Nxd5
9.Qxd5 Nc6 10.e3 Be7 11.Be2 O-O 12.O-O Be6 13.Qb5 Qc7 14.Bd2 a6 15.Qh5 Bf6
16.Bc3 Bxc3 17.bxc3 Rac8 18.Nd4 Bd7 19.c4 g6 20.Qh4 Rfe8 21.Rfd1 Nxd4 22.Rxd4 Bc6
23.Qh6 Qe5 24.Rad1 Qg7 25.Qh4 Qe5 26.h3 h5 27.Bd3 Kg7 28.Bc2 Qe7 29.Qg3 Qe5
30.Rf4 Rc7 31.h4 Ree7 32.Rd8 Re8 33.Kh2 Rce7 34.Rd6 Re6 35.Rdd4 Rf6 36.Bb3 Rxf4
37.Rxf4 Re7 38.Rd4 a5 39.Bc2 Qxg3+ 40.Kxg3 Re5 41.Bd1 Rc5 42.Be2 Kf6 43.f4 Ke7
44.e4 Bd7 45.Kf2 Be6 46.a3 b6 47.Ke3 f6 48.g3 Bf7 49.Kd2 Be6 50.Bd3 Bf7 51.f5 g5
52.hxg5 fxg5 53.Ke3 Bg8 54.Be2 Bf7 55.Rd2 a4 56.Kd4 Kd6 57.Rb2 Kc7 58.e5 h4
59.g4 Be8 60.e6 Rc6 61.Bf3 Rd6+ 62.Bd5  1-0

[Event "IMSA Blitz 2016"]
[Site "Huai'an CHN"]
[Date "2016.02.29"]
[Round "15.3"]
[White "Ivanchuk,V"]
[Black "Mamedyarov,S"]
[Result "0-1"]
[WhiteElo "2710"]
[BlackElo "2747"]

1.d4 Nf6 2.c4 b6 3.f3 Bb7 4.e4 e6 5.Nc3 d5 6.cxd5 exd5 7.e5 Nfd7 8.f4 c5
9.Nf3 Be7 10.Be3 O-O 11.Bd3 Nc6 12.O-O cxd4 13.Nxd4 Nxd4 14.Bxd4 Bc5 15.Ne2 Qe7
16.Kh1 f6 17.exf6 Nxf6 18.Rf3 Rae8 19.Bb5 Rc8 20.a3 Ne4 21.Bd3 Bxd4 22.Nxd4 Qf6
23.Qg1 Qh6 24.Raf1 Rxf4 25.Bxe4 Rxe4 26.Rf7 Ba6 27.Nf5 Qg5 28.Rxg7+ Qxg7
29.Nxg7 Bxf1 30.Nh5 Rc1 31.Nf6+ Kf7 32.Nxe4 Bxg2+ 33.Kxg2 Rxg1+ 34.Kxg1 dxe4  0-1

[Event "IMSA Blitz 2016"]
[Site "Huai'an CHN"]
[Date "2016.02.29"]
[Round "16.6"]
[White "Mamedov,Rau"]
[Black "Mamedyarov,S"]
[Result "1/2-1/2"]
[WhiteElo "2650"]
[BlackElo "2747"]

1.e4 e5 2.Nf3 Nc6 3.Bb5 a6 4.Bxc6 dxc6 5.O-O Bg4 6.h3 h5 7.c3 Qd3 8.hxg4 hxg4
9.Nxe5 Bd6 10.Nxd3 Bh2+ 11.Kh1 Bg3+ 12.Kg1 Bh2+ 13.Kh1 Bd6+ 14.Kg1 Bh2+ 15.Kh1 Be5+
16.Kg1 Bh2+  1/2-1/2

[Event "IMSA Blitz 2016"]
[Site "Huai'an CHN"]
[Date "2016.02.29"]
[Round "17.4"]
[White "Mamedyarov,S"]
[Black "Ponomariov,R"]
[Result "1-0"]
[WhiteElo "2747"]
[BlackElo "2712"]

1.d4 d5 2.c4 c6 3.Nc3 Nf6 4.e3 e6 5.Nf3 Nbd7 6.Bd3 dxc4 7.Bxc4 b5 8.Bd3 a6
9.e4 c5 10.e5 cxd4 11.Nxb5 axb5 12.exf6 gxf6 13.O-O Qb6 14.Qe2 b4 15.Rd1 Bc5
16.Bxh7 Rxh7 17.Qe4 Bb7 18.Qxh7 Bxf3 19.gxf3 Ke7 20.Bf4 e5 21.Bg3 Qe6 22.Re1 Bd6
23.f4 Qd5 24.Rad1 Rc8 25.fxe5 fxe5 26.Qh4+ f6 27.Rxd4 Qe6 28.Qh7+ Ke8 29.Rd2 Nc5
30.Qh8+ Kf7 31.Qh7+ Ke8 32.f4 Be7 33.fxe5 f5 34.Rd6 Qc4 35.e6  1-0

[Event "IMSA Blitz 2016"]
[Site "Huai'an CHN"]
[Date "2016.02.29"]
[Round "18.5"]
[White "Movsesian,S"]
[Black "Mamedyarov,S"]
[Result "1-0"]
[WhiteElo "2653"]
[BlackElo "2747"]

1.e4 e5 2.Nf3 Nc6 3.Bc4 Bc5 4.O-O Nf6 5.d3 d6 6.c3 a6 7.Bb3 O-O 8.Nbd2 Ba7
9.h3 Re8 10.Re1 Be6 11.Bc2 h6 12.Nf1 d5 13.Bd2 Qd7 14.N3h2 Rad8 15.Qf3 Nh7
16.Qg3 Kh8 17.Rad1 d4 18.Nf3 f6 19.Nh4 Ne7 20.Nh2 g5 21.N4f3 c5 22.Ng4 Kg7
23.cxd4 cxd4 24.Nfxe5 fxe5 25.Qxe5+ Kg6 26.f4 Bxg4 27.hxg4 gxf4 28.Qh5+ Kg7
29.Bxf4 Ng5 30.Be5+ Kh7 31.Bf6 Rg8 32.Bb3 Rg6 33.Rf1 Qd6 34.e5  1-0

[Event "IMSA Blitz 2016"]
[Site "Huai'an CHN"]
[Date "2016.02.29"]
[Round "19.5"]
[White "Mamedyarov,S"]
[Black "Wojtaszek,R"]
[Result "0-1"]
[WhiteElo "2747"]
[BlackElo "2727"]

1.d4 Nf6 2.c4 e6 3.Nc3 Bb4 4.Nf3 O-O 5.Qc2 c5 6.dxc5 Na6 7.g3 Nxc5 8.Bg2 Nce4
9.O-O Nxc3 10.bxc3 Be7 11.Rd1 Qc7 12.Qd3 d6 13.Ba3 Rd8 14.Rab1 Rb8 15.h3 b6
16.Nd4 Bd7 17.e4 Bf8 18.g4 Ba4 19.Nb5 Bxb5 20.cxb5 Rbc8 21.Bb4 h6 22.a4 Nd7
23.Bxd6 Bxd6 24.Qxd6 Qxd6 25.Rxd6 Nc5 26.Rd4 e5 27.Rc4 Rd2 28.a5 Rcd8 29.Bf1 Rc2
30.a6 Ne6 31.Rc6 Rdd2 32.Rc8+ Kh7 33.Ra8 Rxf2 34.Rxa7 Ng5 35.Rxf7 Rxf7  0-1

[Event "IMSA Blitz 2016"]
[Site "Huai'an CHN"]
[Date "2016.02.29"]
[Round "20.4"]
[White "Harikrishna,P"]
[Black "Mamedyarov,S"]
[Result "1/2-1/2"]
[WhiteElo "2753"]
[BlackElo "2747"]

1.e4 e5 2.Nf3 Nc6 3.Bc4 Bc5 4.O-O Nf6 5.d3 O-O 6.Nbd2 a6 7.Bb3 d6 8.c3 Ba7
9.h3 Re8 10.Re1 Be6 11.Nf1 h6 12.Be3 Bxe3 13.Nxe3 d5 14.Qc2 Qd7 15.Rad1 Rad8
16.exd5 Nxd5 17.d4 e4 18.Nd2 f5 19.Nxd5 Bxd5 20.Bxd5+ Qxd5 21.Qb3 Qxb3 22.axb3 Kf7
23.Re3 Ne7 24.g3 Kf6 25.b4 g5 26.Rde1 h5 27.R3e2 Nd5 28.Nc4 h4 29.f3 hxg3
30.fxe4 Nf4 31.e5+ Ke6 32.Re3 Nxh3+ 33.Kg2 f4 34.Kxh3 Rh8+ 35.Kg4 fxe3 36.Nxe3 Rh2
37.Kxg3 Rd2 38.Rf1 Rd3 39.Rf6+ Kd7 40.Kf3 Rd2 41.Ke4 Rxb2 42.Rf7+ Kc8 43.e6 Re2
44.Rg7 c6 45.c4 b5 46.cxb5 axb5 47.Rxg5 Kc7 48.Kd3 Re1 49.Re5 Re8 50.d5 Kd6
51.Kd4 Rxe3 52.Rxe3 cxd5 53.e7 Rxe7 54.Rxe7 Kxe7 55.Kxd5 Kd7 56.Kc5 Kc7 57.Kxb5 Kb7  1/2-1/2

[Event "IMSA Blitz 2016"]
[Site "Huai'an CHN"]
[Date "2016.03.01"]
[Round "21.6"]
[White "Mamedyarov,S"]
[Black "Fressinet,L"]
[Result "1-0"]
[WhiteElo "2747"]
[BlackElo "2700"]

1.d4 Nf6 2.c4 e6 3.Nf3 d5 4.Nc3 Bb4 5.Qa4+ Nc6 6.e3 O-O 7.Qc2 b6 8.Bd2 Ba6
9.Qa4 Bb7 10.cxd5 Nxd5 11.Bb5 Nce7 12.O-O Nxc3 13.bxc3 Bd6 14.Bd3 c5 15.e4 Ng6
16.Rad1 Qc7 17.Rfe1 Rfd8 18.g3 Bc6 19.Qb3 Rac8 20.d5 exd5 21.exd5 Bd7 22.c4 Re8
23.Ng5 Bg4 24.Rc1 h6 25.Ne4 Ne5 26.Be2 Bf5 27.Nxd6 Qxd6 28.Bf4 Qd7 29.Qc3 Ng6
30.Bd2 Bg4 31.Bf1 Bh3 32.Be2 Bg4 33.f3 Bh3 34.Kf2 Ne5 35.Bf4 Ng6 36.Bd2 Ne5
37.Rcd1 Qf5 38.Bf4 Ng6 39.Bc1 Ne5 40.Bb2 f6 41.Kg1 Rc7 42.d6 Rd7 43.Bc1 Red8
44.f4 Nf7 45.Qf3 h5 46.Rd5 Qe6 47.f5 Qe8 48.Qxh5 Ng5 49.Bxg5 Qxh5 50.Bxh5 fxg5
51.Re8+ Rxe8 52.Bxe8 Rd8 53.Bh5 Kh7 54.g4  1-0

[Event "IMSA Blitz 2016"]
[Site "Huai'an CHN"]
[Date "2016.03.01"]
[Round "23.7"]
[White "Mamedyarov,S"]
[Black "Sargissian,G"]
[Result "1/2-1/2"]
[WhiteElo "2747"]
[BlackElo "2702"]

1.d4 d5 2.c4 e6 3.Nc3 Nf6 4.Nf3 Be7 5.Bf4 O-O 6.e3 Nbd7 7.g4 dxc4 8.Bxc4 c5
9.dxc5 Nxc5 10.g5 Nfe4 11.Nxe4 Nxe4 12.Ke2 Bd7 13.h4 Bc6 14.Ne5 Qb6 15.Qb3 Rfd8
16.Rhd1 Nd6 17.Bxe6 fxe6 18.Qxe6+ Kf8 19.Kf1 Be8 20.g6 hxg6 21.Nxg6+ Bxg6
22.Qxg6 Nf7 23.Qh7 Qb5+ 24.Kg1 Qe2 25.Rxd8+ Rxd8 26.Bg3 Rd1+ 27.Rxd1 Qxd1+
28.Kh2 Bd6 29.Qf5 Bxg3+ 30.Kxg3 Qd6+ 31.f4 Qc6 32.b3 Kg8 33.h5 Nh6 34.Qe5 a6
35.a4 Qd7 36.a5 Qg4+ 37.Kf2 Qf5 38.Qb8+ Kh7 39.Qxb7 Qxa5 40.Qe4+ Qf5 41.Kf3 Kg8
42.Qe8+ Kh7 43.Qe4 Kg8 44.Qe8+ Qf8 45.Qe6+ Qf7 46.Qc8+ Kh7 47.Qc2+ Qf5 48.Qe4 Kg8
49.Qa8+ Kh7 50.Qxa6 Qxh5+ 51.Ke4 Qh1+ 52.Kd4 Nf5+ 53.Ke5 Ne7 54.Qd3+ Kg8
55.Kd6 Kf8 56.Kc5 Qc6+ 57.Kb4 Nd5+ 58.Ka3 Qc1+ 59.Ka4 Qc5 60.Qf5+ Ke7 61.Qe5+ Kd7
62.Qf5+ Ke7 63.Qe5+ Kf7 64.Qf5+ Ke7 65.Qe5+ Kf7 66.Qf5+ Ke7  1/2-1/2

[Event "IMSA Blitz 2016"]
[Site "Huai'an CHN"]
[Date "2016.03.01"]
[Round "24.2"]
[White "Navara,D"]
[Black "Mamedyarov,S"]
[Result "1-0"]
[WhiteElo "2734"]
[BlackElo "2747"]

1.e4 e5 2.Nf3 Nc6 3.Bb5 a6 4.Ba4 d6 5.c3 Bd7 6.d4 g6 7.O-O Bg7 8.Re1 b5 9.Bb3 Nf6
10.Nbd2 O-O 11.Nf1 h6 12.h3 Re8 13.Ng3 Na5 14.Bc2 c5 15.b3 Rc8 16.d5 Nb7
17.a4 b4 18.Bd2 a5 19.Bd3 Qb6 20.Qc1 Kh7 21.c4 Qd8 22.Ra2 Qe7 23.Nh2 Rf8
24.f4 Rce8 25.Nf3 Ng8 26.f5 Bf6 27.Rf1 Nd8 28.Be3 Kg7 29.Raf2 Bc8 30.Kh1 Bd7
31.Nh2 Bh4 32.Ng4 h5 33.f6+ Nxf6 34.Nxf6 Bxg3 35.Bh6+ Kh8 36.Bxf8  1-0

[Event "IMSA Blitz 2016"]
[Site "Huai'an CHN"]
[Date "2016.03.01"]
[Round "26.1"]
[White "Li Chao2"]
[Black "Mamedyarov,S"]
[Result "1/2-1/2"]
[WhiteElo "2751"]
[BlackElo "2747"]

1.d4 Nf6 2.c4 b6 3.Nc3 Bb7 4.Nf3 e6 5.g3 Bb4 6.Bg2 O-O 7.O-O Bxc3 8.bxc3 d6
9.d5 Nbd7 10.Bg5 exd5 11.cxd5 Bxd5 12.Re1 h6 13.Qxd5 Nxd5 14.Bxd8 Raxd8 15.Nd4 N7f6
16.e4 Ne7 17.Nb5 c6 18.Nxa7 Rd7 19.e5 Rxa7 20.exf6 gxf6 21.a4 d5 22.Rab1 Rb8
23.Rb4 c5 24.Rf4 Kg7 25.Rg4+ Kf8 26.Rh4 Kg7 27.Rg4+ Kh7 28.Rf4 f5 29.g4 Kg6
30.gxf5+ Kf6 31.Rh4 Nxf5 32.Rh5 Kg6 33.Bf3 Rxa4 34.Kh1 Rf4 35.Rg1+ Kf6 36.Bxd5 Rd8
37.c4 b5 38.f3 bxc4 39.Be4 c3 40.Rc1 c2 41.Bxc2 Rxf3 42.Bb1 Rd5 43.Be4 Ng3+
44.Kg2 Rf2+ 45.Kxg3 Rxh5 46.Kxf2 Rxh2+ 47.Kg3 Rh5 48.Kf4 Rh4+ 49.Ke3 Rh5
50.Rf1+ Kg7 51.Kf4 Rh4+ 52.Ke5 Rh5+ 53.Bf5 Rh4 54.Rg1+ Kf8 55.Kf6 Rd4 56.Rc1 Rd6+
57.Ke5 Rc6 58.Kd5 Rf6 59.Be4 Kg7 60.Rg1+ Kf8 61.Kxc5 Ke7 62.Kd5 Re6 63.Bf5 Re2
64.Be4 Kf6 65.Rf1+ Kg7 66.Ke5 Rb2 67.Rg1+ Kf8 68.Bc6 Re2+ 69.Kf4 Rf2+ 70.Bf3 Rb2
71.Bd5 Rf2+ 72.Ke5 Re2+ 73.Be4 Rb2 74.Rh1 Kg7 75.Rc1 Rb5+ 76.Bd5 Rb2 77.Rf1 Re2+
78.Kd6 f6 79.Rg1+ Kh7 80.Bg8+ Kh8 81.Be6 Re5 82.Ke7 Rg5 83.Rf1 Kg7 84.Rxf6 h5
85.Rf7+ Kh6 86.Kf6 Rg6+ 87.Ke5 h4 88.Bf5 Rg7 89.Rf8 Kg5 90.Be6 Rg6 91.Rh8 Rh6
92.Rg8+ Rg6 93.Rf8 Rg7 94.Rh8 Rg6 95.Bf5 Rg7 96.Be6 Rg6 97.Bd5 Rg7 98.Bf3 Re7+
99.Kd6 Rf7 100.Bd5 Rf6+ 101.Ke5 Rh6 102.Rf8 h3 103.Rf5+ Kg4 104.Rf4+ Kg3
105.Rf3+ Kg4 106.Rf1 h2 107.Bh1 Kg3 108.Kf5 Rh5+ 109.Kg6 Ra5 110.Be4 Ra6+
111.Kg5 Ra5+ 112.Kf6 Ra6+ 113.Ke5 Ra5+ 114.Kd4 Ra4+ 115.Ke3 Rxe4+  1/2-1/2

[Event "IMSA Blitz 2016"]
[Site "Huai'an CHN"]
[Date "2016.03.01"]
[Round "27.8"]
[White "Dominguez Perez,L"]
[Black "Mamedyarov,S"]
[Result "1-0"]
[WhiteElo "2732"]
[BlackElo "2747"]

1.e4 e5 2.Nf3 Nc6 3.Bb5 g6 4.c3 a6 5.Ba4 d6 6.O-O Bg7 7.d4 Bd7 8.Re1 h6 9.Nbd2 exd4
10.cxd4 Nxd4 11.Nxd4 Bxd4 12.Nf3 Bg7 13.e5 Ne7 14.exd6 cxd6 15.Bf4 b5 16.Bb3 O-O
17.Qxd6 Re8 18.Rad1 Be6 19.Rxe6  1-0

[Event "IMSA Blitz 2016"]
[Site "Huai'an CHN"]
[Date "2016.03.01"]
[Round "28.2"]
[White "Mamedyarov,S"]
[Black "Tomashevsky,E"]
[Result "1/2-1/2"]
[WhiteElo "2747"]
[BlackElo "2728"]

1.d4 Nf6 2.c4 e6 3.Nc3 Bb4 4.Nf3 b6 5.Bd2 Bxc3 6.Bxc3 Ne4 7.Rc1 Bb7 8.g3 Nxc3
9.Rxc3 O-O 10.Bg2 Be4 11.O-O d6 12.Re3 Bb7 13.d5 e5 14.Qc2 a5 15.b3 Nd7 16.Rc3 f5
17.Nh4 g6 18.e4 f4 19.a3 Qe7 20.b4 axb4 21.axb4 Ra7 22.Bh3 Rfa8 23.Nf3 Bc8
24.Be6+ Kg7 25.Rc1 Qf6 26.Kg2 Ra2 27.Qd1 Qf8 28.R1c2 R2a4 29.Rb2 Ra1 30.Rb1 R1a2
31.Rc2 R2a3 32.Qe2 Qf6 33.Rbc1 R3a4 34.Qd2 Ra3 35.Rc3 Ra2 36.R1c2 R2a4 37.Rb3 Ra1
38.Rc1 R1a2 39.Rb2 R2a3 40.Rc3 Ra1 41.Rbc2 R1a4 42.Rd3 Ra1 43.h3 R1a4 44.Qe1 Ra1
45.Rc1 R1a2 46.Rd2 R2a3 47.Qe2 R3a4 48.Rb2 Ra3 49.Rbc2 R3a4 50.Rb1 Ra3 51.g4 Qe7
52.Rbc1 R3a4 53.Qd2 Qd8 54.g5 h6 55.gxh6+ Kxh6 56.c5 bxc5 57.bxc5 Nxc5 58.Rxc5 dxc5
59.Nxe5 Bxe6 60.Qxf4+ Qg5+ 61.Qxg5+ Kxg5 62.dxe6 Rxe4 63.Rxc5 Kf6 64.Ng4+ Kxe6
65.Rxc7 Rd8 66.Rg7 Kf5 67.Rf7+ Kg5 68.Kg3 Rd3+ 69.f3 Rxg4+ 70.hxg4 Kh6 71.Ra7 g5
72.Ra6+ Kg7 73.Kf2 Rc3 74.Re6 Rb3 75.Ke2 Ra3 76.Re3 Ra2+ 77.Kd3 Kf6 78.Re8 Ra3+
79.Ke2 Rb3 80.Rc8 Ra3 81.Rc6+ Kf7 82.Rd6 Rb3 83.Rd3 Rb4 84.Ke3 Kf6 85.Rd6+ Kf7
86.Rd4 Rb1 87.Ke4 Ke6 88.Rd3 Re1+ 89.Re3 Ra1 90.Rb3 Ra4+ 91.Ke3 Kf6 92.Rb6+ Kf7
93.Rd6 Rb4 94.Rc6 Ra4 95.Kd3 Rf4 96.Ke3 Ra4 97.Rd6 Rb4 98.Rd4 Rb1 99.Ra4 Kf6
100.Ra6+ Kf7 101.Ke4 Rb5 102.Rd6 Kg7 103.Rd5 Rb4+ 104.Rd4 Rb5  1/2-1/2

[Event "IMSA Blitz 2016"]
[Site "Huai'an CHN"]
[Date "2016.03.01"]
[Round "29.7"]
[White "Wang Yue"]
[Black "Mamedyarov,S"]
[Result "0-1"]
[WhiteElo "2718"]
[BlackElo "2747"]

1.Nf3 Nf6 2.c4 e6 3.d4 b6 4.Nc3 Bb7 5.a3 g6 6.Qc2 Bg7 7.e4 O-O 8.Be2 d5 9.cxd5 exd5
10.e5 Ne4 11.O-O c5 12.dxc5 bxc5 13.Rd1 Nxc3 14.bxc3 Nd7 15.Rb1 Bc6 16.Bg5 Qa5
17.a4 a6 18.Bf4 Rfe8 19.h4 Nxe5 20.Nxe5 Bxe5 21.Bxe5 Rxe5 22.Bf3 Rae8 23.h5 gxh5
24.c4 Re1+ 25.Kh2 Rxd1 26.Rxd1 d4 27.Qf5 Qc7+ 28.g3 Re5 29.Qf4 Bxf3 30.Qxf3 Qd7
31.Rb1 Rf5 32.Qa8+ Kg7 33.Kg2 Rf6 34.a5 d3 35.Rd1 Qd4 36.Rd2 Qxc4 37.Qd8 Qe4+
38.Kh2 c4 39.Rb2 h4 40.Kh3 hxg3 41.fxg3 Qh1+ 42.Kg4 h5+ 43.Kg5 Qf3  0-1

[Event "IMSA Blitz 2016"]
[Site "Huai'an CHN"]
[Date "2016.03.01"]
[Round "30.3"]
[White "Mamedyarov,S"]
[Black "Ivanchuk,V"]
[Result "1/2-1/2"]
[WhiteElo "2747"]
[BlackElo "2710"]

1.d4 Nf6 2.c4 e6 3.Nf3 b6 4.g3 Ba6 5.Qa4 Bb7 6.Bg2 Be7 7.O-O O-O 8.Nc3 Ne4
9.Qc2 Nxc3 10.Qxc3 c5 11.Rd1 d6 12.d5 exd5 13.cxd5 Bf6 14.Qc2 Nd7 15.Bf4 Qe7
16.e4 Rfe8 17.Re1 Ne5 18.Nxe5 Bxe5 19.Bxe5 Qxe5 20.f4 Qf6 21.Qc3 Qxc3 22.bxc3 Ba6
23.Bf1 Bxf1 24.Kxf1 f6 25.a4 Re7 26.Re2 Rae8 27.Rae1 g5 28.Kf2 g4 29.c4 h5
30.Re3 Kf7 31.R1e2 Kg6 32.Ke1 Kh6 33.Kd2 Kg7 34.Kd3 Kg6 35.Kd2 Kf7 36.Kd3 Kg6
37.Kd2 Kf7 38.Kd3 Kg6 39.Kd2  1/2-1/2

[Event "IMSA Basque 2016"]
[Site "Huai'an CHN"]
[Date "2016.03.02"]
[Round "1.6"]
[White "Mamedyarov,S"]
[Black "Sargissian,G"]
[Result "1-0"]
[WhiteElo "2747"]
[BlackElo "2702"]

1.e4 c6 2.d4 d5 3.e5 Bf5 4.h4 h5 5.Bd3 Bxd3 6.Qxd3 e6 7.Bg5 Qb6 8.Nd2 Ne7
9.Ne2 Nf5 10.O-O Nd7 11.c4 Bb4 12.c5 Qa5 13.Nb3 Qa4 14.Ng3 g6 15.Nxf5 gxf5
16.f3 b6 17.a3 Ba5 18.Nxa5 Qxa5 19.b4 Qa4 20.g4 f4 21.Qd2 bxc5 22.bxc5 Rb8
23.Rab1 Rxb1 24.Rxb1 Qxa3 25.Qxf4 Qd3 26.Rb7 Qe2 27.Qe3 Qd1+ 28.Kf2 hxg4
29.Rxa7 Nb8 30.Rc7 O-O 31.Bh6 Qc2+ 32.Kg3 Re8 33.h5  1-0

[Event "IMSA Basque 2016"]
[Site "Huai'an CHN"]
[Date "2016.03.02"]
[Round "1.5"]
[White "Sargissian,G"]
[Black "Mamedyarov,S"]
[Result "1/2-1/2"]
[WhiteElo "2702"]
[BlackElo "2747"]

1.d4 d6 2.Nf3 f5 3.c4 Nf6 4.Nc3 g6 5.e3 Bg7 6.Be2 O-O 7.O-O Nbd7 8.Ng5 Nb6
9.Qb3 c6 10.a4 a5 11.Rd1 h6 12.Nf3 Kh7 13.Qc2 d5 14.b3 Be6 15.Ne5 Nfd7 16.Nd3 dxc4
17.bxc4 Bxc4 18.Rb1 Qc8 19.Ba3 Re8 20.h4 Nd5 21.h5 g5 22.Nc5 Nxc3 23.Bxc4 Nxc5
24.Qxc3 Ne4 25.Qc2 e6 26.g4 Kh8 27.gxf5 exf5 28.Bf7 Qd7 29.Bxe8 Rxe8 30.d5 cxd5
31.Bb2 f4 32.Bxg7+ Kxg7 33.f3 Ng3 34.Qg6+ Kf8 35.Qxh6+ Qg7 36.Qxg7+ Kxg7
37.Rxb7+ Kh6 38.Rxd5 Kxh5 39.exf4 Ne2+ 40.Kf2 Nxf4 41.Rxa5 Re2+ 42.Kf1 Kh4
43.Rb3 Ra2 44.Ke1 Ne6 45.Kd1 Kg3 46.Re5 Ra1+ 47.Kd2 Nd4 48.Rxg5+ Kf2 49.Rb2 Rxa4
50.f4 Kf3 51.Kd3 Ne6  1/2-1/2

[Event "IMSA Basque 2016"]
[Site "Huai'an CHN"]
[Date "2016.03.02"]
[Round "2.3"]
[White "Ding Liren"]
[Black "Mamedyarov,S"]
[Result "1/2-1/2"]
[WhiteElo "2766"]
[BlackElo "2747"]

1.d4 d5 2.c4 c5 3.cxd5 Qxd5 4.Nf3 cxd4 5.Nc3 Qa5 6.Nxd4 Nf6 7.Nb3 Qc7 8.e4 Nc6
9.Be2 e6 10.O-O a6 11.Be3 Bd6 12.f4 e5 13.f5 O-O 14.Rc1 Qd8 15.g4 h6 16.h4 Nh7
17.Kg2 Be7 18.Qxd8 Rxd8 19.Bb6 Bxh4 20.Bxd8 Bxd8 21.Bc4 Nf6 22.Kf3 Bb6 23.Nd5 Nxd5
24.exd5 Nd4+ 25.Nxd4 Bxd4 26.Bb3 Kf8 27.d6 Bd7 28.Rc7 Rd8 29.Rfc1 Bc6+ 30.Ke2 e4
31.Rxf7+ Ke8 32.Re7+ Kf8 33.Rf7+ Ke8 34.Rd1 Bb5+ 35.Ke1 Bf6 36.Kf2 Bd3 37.d7+ Rxd7
38.Rxd7 Kxd7 39.Bc4 Bxb2 40.Bxd3 exd3 41.Rxd3+ Kc6 42.Rd8 Bf6 43.Ra8 Kb5
44.Ke3 a5 45.Rb8 b6 46.Kd3 a4 47.Rb7 Kc6 48.Rb8 b5 49.Rc8+ Kd5 50.Rc7 Be5
51.Rc8 Bf6 52.Rc7 Be5 53.Rc8  1/2-1/2

[Event "IMSA Basque 2016"]
[Site "Huai'an CHN"]
[Date "2016.03.02"]
[Round "2.4"]
[White "Mamedyarov,S"]
[Black "Ding Liren"]
[Result "1/2-1/2"]
[WhiteElo "2747"]
[BlackElo "2766"]

1.e4 e5 2.Nf3 Nc6 3.Bc4 Bc5 4.b4 Bxb4 5.c3 Ba5 6.d4 d6 7.Qb3 Qd7 8.O-O Bb6
9.Nbd2 Na5 10.Qc2 Nxc4 11.Nxc4 exd4 12.cxd4 Ne7 13.a4 c6 14.Ba3 Bc7 15.e5 dxe5
16.dxe5 O-O 17.Rfd1 Qe8 18.Nd6 Bxd6 19.Bxd6 b6 20.a5 Bf5 21.Qb2 Qd7 22.Qa3 Rfd8
23.axb6 axb6 24.Qxa8 Rxa8 25.Rxa8+ Nc8 26.e6 Bxe6 27.Ne5 Qb7 28.Rb8 Qa6 29.Nxc6 h6
30.Ne7+ Kh7 31.Nxc8 Bxc8 32.h3 Qe2 33.Rc1 Bxh3 34.gxh3 Qd2 35.Ba3 Qg5+ 36.Kf1 Qb5+
37.Kg2 Qg5+ 38.Kf1 Qb5+ 39.Kg2 Qg5+  1/2-1/2

[Event "IMSA Basque 2016"]
[Site "Huai'an CHN"]
[Date "2016.03.02"]
[Round "3.6"]
[White "Wojtaszek,R"]
[Black "Mamedyarov,S"]
[Result "1/2-1/2"]
[WhiteElo "2727"]
[BlackElo "2747"]

1.d4 d5 2.c4 e6 3.Nf3 Nf6 4.Nc3 Nbd7 5.Bg5 Be7 6.e3 O-O 7.Qc2 c6 8.Rc1 a6
9.cxd5 cxd5 10.Bd3 b5 11.Ne5 Nxe5 12.dxe5 Ng4 13.Bf4 Bb7 14.h3 Nh6 15.Bxh6 gxh6
16.Qe2 f5 17.exf6 Rxf6 18.O-O Kh8 19.Qh5 Qe8 20.Qxe8+ Rxe8 21.Ne2 Bd6 22.f4 Kg7
23.Nd4 Rf7 24.Nf3 Rc7 25.Rxc7+ Bxc7 26.Rc1 Bd6 27.Kf2 h5 28.g4 hxg4 29.Rg1 Kh8
30.hxg4 Re7 31.g5 Kg8 32.Kg3 e5 33.fxe5 Bxe5+ 34.Nxe5 Rxe5 35.Kf4 Re7 36.g6 h6
37.Bf5 Kg7 38.Rh1 Bc6 39.Rh2 Be8 40.Rd2 Bc6 41.Rc2 Be8 42.Rc5 Bxg6 43.Bxg6 Kxg6
44.Rxd5 Rf7+ 45.Kg4 Rf2 46.Rd6+ Kg7 47.Rxa6 Rxb2 48.e4 Rf2 49.Rb6 Rxa2 50.Rxb5 Kf6
51.Rb6+ Ke5 52.Rxh6 Kxe4  1/2-1/2

[Event "IMSA Basque 2016"]
[Site "Huai'an CHN"]
[Date "2016.03.02"]
[Round "3.5"]
[White "Mamedyarov,S"]
[Black "Wojtaszek,R"]
[Result "1/2-1/2"]
[WhiteElo "2747"]
[BlackElo "2727"]

1.d4 Nf6 2.c4 e6 3.Nf3 d5 4.Nc3 Bb4 5.Bg5 h6 6.Bxf6 Qxf6 7.e3 O-O 8.Rc1 dxc4
9.Bxc4 c5 10.O-O cxd4 11.Ne4 Qe7 12.a3 Ba5 13.Nxd4 Bd7 14.Qh5 Bb6 15.Rfd1 Rd8
16.Nd6 Be8 17.Nxe8 Rxe8 18.Bb5 Rd8 19.Qf3 Bxd4 20.Rxd4 Na6 21.Rcd1 Rxd4 22.Rxd4 Rc8
23.g3 Nb8 24.h4 a6 25.Bf1 Nc6 26.Rd2 Ne5 27.Qe4 Qc7 28.Rd1 b5 29.a4 bxa4
30.Qxa4 a5 31.Bg2 Qb6 32.b3 h5 33.Ra1 Ng4 34.Bh3 Nf6 35.Bg2 Rc3 36.Rb1 Qc5
37.Bf3 Rc1+ 38.Rxc1 Qxc1+ 39.Kg2 Qc5 40.Qf4 Qb5 41.Qc7 Qxb3 42.Qxa5 g6 43.Qe5 Ng4
44.Qf4 e5 45.Qe4 Qe6 46.Qb7 Kg7 47.Qb4 Nf6 48.Qc5 Nd7 49.Qc8 Qe7 50.Qc7 Kf8
51.Bc6 Nf6 52.Qb8+ Kg7 53.Bf3 Nd7 54.Qc7 Kf8 55.Qc8+ Kg7 56.Qc7 Kf8 57.Qc8+ Kg7
58.Qc7  1/2-1/2

[Event "IMSA Basque 2016"]
[Site "Huai'an CHN"]
[Date "2016.03.03"]
[Round "4.6"]
[White "Fressinet,L"]
[Black "Mamedyarov,S"]
[Result "0-1"]
[WhiteElo "2700"]
[BlackElo "2747"]

1.d4 Nf6 2.Nf3 b6 3.g3 Bb7 4.Bg2 c5 5.c4 cxd4 6.Qxd4 Nc6 7.Qd1 g6 8.b3 Bg7
9.Bb2 O-O 10.Nc3 Ne4 11.Qc1 Nxc3 12.Bxc3 Nd4 13.Qd2 Nxf3+ 14.Bxf3 Bxf3 15.exf3 Bxc3
16.Qxc3 Rc8 17.Qd3 e6 18.O-O d5 19.cxd5 Qxd5 20.Qe2 Rc3 21.f4 Rfc8 22.Rad1 Rc2
23.Qa6 Qf3 24.Rd3 Qe2 25.a4 h5 26.Qb5 h4 27.Rd7 Qf3 28.Qd3 Qxd3 29.Rxd3 h3
30.Rfd1 Kg7 31.g4 R8c3 32.Kf1 Kf6 33.Rg3 a5 34.Rxc3 Rxc3 35.Rb1 Rf3 36.f5 gxf5
37.gxf5 Rxf5 38.b4 Rf4 39.bxa5 bxa5 40.Rb3 Rh4 41.Ke2 Ke7 42.Rb7+ Kf8 43.Rb8+ Kg7
44.Rb3 f5 45.Ra3 Kf6 46.Kf3 e5 47.Kg3 Kg5 48.Rb3 Rxa4 49.Kxh3 Rb4 50.Rc3 a4
51.Rc5 e4 52.Ra5 Rb2 53.Kg3 Rb3+ 54.Kg2 a3 55.h4+ Kg4 56.h5 e3 57.h6 e2 58.Ra4+ Kh5
59.h7 Rb8  0-1

[Event "IMSA Basque 2016"]
[Site "Huai'an CHN"]
[Date "2016.03.03"]
[Round "4.5"]
[White "Mamedyarov,S"]
[Black "Fressinet,L"]
[Result "1/2-1/2"]
[WhiteElo "2747"]
[BlackElo "2700"]

1.d4 Nf6 2.c4 e6 3.Nf3 d5 4.Nc3 Bb4 5.Qa4+ Nc6 6.e3 O-O 7.a3 Bxc3+ 8.bxc3 Ne4
9.Bd3 Nxc3 10.Qc2 Ne4 11.Bxe4 dxe4 12.Qxe4 Na5 13.Qc2 c5 14.dxc5 Qe7 15.Bd2 Nc6
16.O-O Qxc5 17.Rfb1 h6 18.Rb5 Qe7 19.Qe4 Qc7 20.Bc3 f6 21.c5 e5 22.Rab1 Rb8
23.R5b2 Qf7 24.Nh4 Be6 25.Nf5 Qg6 26.g4 Bxf5 27.Qxf5 Qxf5 28.gxf5 Rf7 29.Kg2 Rc7
30.Kf3 Kf7 31.Ke4 Rd7 32.Rd2 Ke7 33.Rg1 Rg8 34.Rxd7+ Kxd7 35.f4 exf4 36.Kxf4 Ke7
37.e4 Kf7 38.Rb1 Rb8 39.Be1 b6 40.cxb6 Rxb6 41.Rc1 Ra6 42.Bb4 Nxb4 43.axb4 Rb6
44.Rc4 Rb5 45.Rc7+ Kg8 46.Rxa7 Rxb4 47.Ra2 Kh7  1/2-1/2

[Event "IMSA Basque 2016"]
[Site "Huai'an CHN"]
[Date "2016.03.03"]
[Round "5.3"]
[White "Navara,D"]
[Black "Mamedyarov,S"]
[Result "1-0"]
[WhiteElo "2734"]
[BlackElo "2747"]

1.e4 e5 2.Nf3 Nc6 3.Bb5 a6 4.Ba4 Nf6 5.O-O Be7 6.Re1 b5 7.Bb3 d6 8.c3 O-O
9.h3 Nb8 10.d4 Nbd7 11.Nbd2 Bb7 12.Bc2 Re8 13.Nf1 Bf8 14.Ng3 g6 15.a4 c6
16.Bg5 h6 17.Be3 Qc7 18.Qd2 Kh7 19.Bb3 exd4 20.cxd4 Nxe4 21.Nxe4 Rxe4 22.Bxh6 Bxh6
23.Ng5+ Bxg5 24.Qxg5 Qd8 25.Qg3 Rxe1+ 26.Rxe1 d5 27.Qd6 Nf8 28.Qe7 Qd7 29.Qh4+ Kg7
30.Re7 Qd8 31.Qg5 Bc8 32.Rxf7+  1-0

[Event "IMSA Basque 2016"]
[Site "Huai'an CHN"]
[Date "2016.03.03"]
[Round "5.4"]
[White "Mamedyarov,S"]
[Black "Navara,D"]
[Result "1-0"]
[WhiteElo "2747"]
[BlackElo "2734"]

1.d4 Nf6 2.c4 e6 3.Nf3 b6 4.g3 Ba6 5.Qa4 Bb7 6.Bg2 c5 7.dxc5 bxc5 8.O-O Be7
9.Rd1 O-O 10.Nc3 Qb6 11.Bf4 Rd8 12.Rab1 Nc6 13.Bd6 Bxd6 14.Rxd6 Ne8 15.Rd2 Nf6
16.Rbd1 Rab8 17.b3 a6 18.Qa3 Nb4 19.Qc1 d6 20.a3 Nc6 21.Rxd6 Rxd6 22.Rxd6 Qxb3
23.Nd2 Qb6 24.Nde4 Nxe4 25.Bxe4 Qc7 26.Rd1 Nd4 27.Bxb7 Rxb7 28.e3 Nf3+ 29.Kg2 Ne5
30.Qc2 f5 31.Qa4 Qb8 32.e4 Rb6 33.Qa5 Qc7 34.Rb1 Rb7 35.Qxa6 Rxb1 36.Qxe6+ Qf7
37.Qc8+ Qf8 38.Qxf8+ Kxf8 39.Nxb1 fxe4 40.Nd2 Ke7 41.a4 Kd6 42.Nxe4+ Kc6
43.Nd2 Kb6 44.f4 Nd3 45.Kf3 Ka5 46.Ke4 Nb2 47.f5 Kxa4 48.g4 Kb4 49.g5 Na4
50.f6 gxf6 51.gxf6 Nb6 52.f7 Nd7 53.Kd5 h5 54.Ne4  1-0

[Event "Nakhchivan Open 2016"]
[Site "Nakhchivan AZE"]
[Date "2016.05.10"]
[Round "1.1"]
[White "Mamedyarov,S"]
[Black "Hasanzade,Toghrul"]
[Result "1-0"]
[WhiteElo "2748"]
[BlackElo "2326"]

1.c4 e5 2.Nc3 Nf6 3.Nf3 Nc6 4.a3 d5 5.cxd5 Nxd5 6.Qc2 Be7 7.e3 Nxc3 8.bxc3 Be6
9.Rb1 Rb8 10.d4 exd4 11.cxd4 O-O 12.Bd3 h6 13.O-O Bf6 14.Rd1 Qd6 15.d5 Bxd5
16.Bh7+ Kh8 17.e4 Ne7 18.exd5 g6 19.Bxh6 Bg7 20.Qc1 Kxh7 21.Ng5+ Kg8 22.Bxg7 Kxg7
23.Qc3+ Qf6 24.Qxf6+ Kxf6 25.Nh7+ Kg7 26.Nxf8 Kxf8 27.Rbc1 Rc8 28.d6  1-0